Central Library OPAC University of Rajshahi

The art of the theatre / (Record no. 19213)

MARC details
000 -LEADER
fixed length control field 00796nam a2200253 a 4500
001 - CONTROL NUMBER
control field 19213
003 - CONTROL NUMBER IDENTIFIER
rucl marc code BD-RjUL
005 - DATE AND TIME OF LATEST TRANSACTION
control field 20211209000412.0
008 - FIXED-LENGTH DATA ELEMENTS--GENERAL INFORMATION
fixed length control field 140223s1961 nyu 000 1 eng d
035 ## - SYSTEM CONTROL NUMBER
System control number (BD-RjUL)19271
-- OCLC 344013 from maso350
040 ## - CATALOGING SOURCE
Original cataloging agency DLC
Transcribing agency DLC
Modifying agency BD-RjUL
Language of cataloging eng
041 1# - LANGUAGE CODE
Language code of text/sound track or separate title engfre
082 ## - DEWEY DECIMAL CLASSIFICATION NUMBER
Classification number 842.09
Author mark and year GHA 1961
100 1# - MAIN ENTRY--PERSONAL NAME
Personal name Ghéon, Henri
Dates associated with a name 1875-1944.
9 (RLIN) 59121
245 14 - TITLE STATEMENT
Title The art of the theatre /
Statement of responsibility, etc. Henri Ghéon ; translated by Adele M. Fiske ; introduction by Michel Saint-Denis
260 ## - PUBLICATION, DISTRIBUTION, ETC. (IMPRINT)
Place of publication, distribution, etc. New York :
Name of publisher, distributor, etc. Hill and Wang,
Date of publication, distribution, etc. c1961
300 ## - PHYSICAL DESCRIPTION
Pagination xix, 100 p. ;
Size 19 cm
490 1# - SERIES STATEMENT
Series statement A Dramabook ;
Volume/sequential designation D26
650 #0 - SUBJECT ADDED ENTRY--TOPICAL TERM
Topical term or geographic name as entry element Drama
9 (RLIN) 59122
Topical term or geographic name as entry element French drama
General subdivision History and criticism
9 (RLIN) 59123
942 ## - ADDED ENTRY ELEMENTS (KOHA)
Source of classification or shelving scheme Dewey Decimal Classification
Koha item type Books
Holdings
Lost status Source of classification or shelving scheme Damaged status Not for loan Collection code Permanent Location Current Location Shelving location Date acquired Source of acquisition Cost, normal purchase price Total Checkouts Full call number Date last seen Copy number Koha item type
  Dewey Decimal Classification   Not For Loan Fiction Central Library, University of Rajshahi Central Library, University of Rajshahi Reading Room 13/03/1970 Zetlinger 15.00   842.09 GHA 1961 23/02/2014 C-1 Books